| 000 | 00457nam a22001457a 4500 | ||
|---|---|---|---|
| 003 | 0 | ||
| 005 | 20230201142659.0 | ||
| 008 | 230201b xxu||||| |||| 00| 0 eng d | ||
| 050 |
_aTS155 _b.D45 2019 |
||
| 245 |
_aPalisoc pharmacy POS and inventory system _cDela Fuente, Neil Patrick A. |
||
| 260 |
_aLas Pinas City _bSouthville International School and Colleges _cC2019 |
||
| 300 |
_aix,117pp. _c28cm. _fTheses |
||
| 500 | _aInventory system. | ||
| 942 |
_2lcc _cTH |
||
| 999 |
_c364925 _d364925 |
||